Renewable energy resources (Record no. 185414)

000 -LEADER
fixed length control field 00404nam a2200145Ia 4500
008 - FIXED-LENGTH DATA ELEMENTS--GENERAL INFORMATION
fixed length control field 220217s9999||||xx |||||||||||||| ||und||
020 ## - INTERNATIONAL STANDARD BOOK NUMBER
International Standard Book Number 9780419253303
082 ## - DEWEY DECIMAL CLASSIFICATION NUMBER
Classification number 621.042 TWI
100 ## - MAIN ENTRY--PERSONAL NAME
Personal name Twidell, John and Weir, Tony
9 (RLIN) 9338
245 #0 - TITLE STATEMENT
Title Renewable energy resources
250 ## - EDITION STATEMENT
Edition statement 2nd
260 ## - PUBLICATION, DISTRIBUTION, ETC.
Place of publication, distribution, etc. Toylor and Franc
Name of publisher, distributor, etc. London
Date of publication, distribution, etc. 2013
300 ## - PHYSICAL DESCRIPTION
Extent XVI, 601p.
Other physical details 1195
650 ## - SUBJECT ADDED ENTRY--TOPICAL TERM
Topical term or geographic name entry element ENERGY CONVERSION
Holdings
Withdrawn status Lost status Damaged status Not for loan Collection code Home library Current library Shelving location Date acquired Full call number Barcode Date last seen Price effective from Koha item type
        Mechanical Engineering Central Library Central Library Reference 02/18/2022 621.042 TWI 20603 02/18/2022 02/18/2022 Books

Powered by Koha